[Event "USCF (Railway) Challenge"]
[Site "Limoges"]
[Date "2016.04.20"]
[Round "3"]
[White "Faure, Stephane"]
[Black "Salus, Stephane"]
[Result "1/2-1/2"]
[WhiteElo "2067"]
[BlackElo "2066"]
[PlyCount "32"]
[EventDate "2016.04.20"]
[EventType "swiss"]
[EventRounds "3"]
[EventCountry "FRA"]
[SourceTitle "EXT 2019"]
[Source "ChessBase"]
[SourceDate "2018.10.10"]
[SourceVersion "1"]
[SourceVersionDate "2018.10.10"]
[SourceQuality "1"]

1. e4 e6 2. Nc3 d5 3. Nf3 dxe4 4. Nxe4 c5 5. d4 cxd4 6. Qxd4 Qxd4 7. Nxd4 a6 8. Bf4 f6 9. Nd6+ Bxd6 10. Bxd6 e5 11. Nb3 Nh6 12. Bd3 Bf5 13. 0-0-0 Nc6 14. Bc7 Rc8 15. Bd6 Rd8 16. Bc7 Rc8 1/2-1/2

[Event "FRA-ch Railways-B"]
[Site "Soulac sur Mer"]
[Date "2015.05.26"]
[Round "5"]
[White "Bleuzen, Cedric"]
[Black "Salus, Stephane"]
[Result "1/2-1/2"]
[WhiteElo "2039"]
[BlackElo "2056"]
[PlyCount "64"]
[EventDate "2015.05.26"]
[EventType "swiss"]
[EventRounds "7"]
[EventCountry "FRA"]
[SourceTitle "EXT 2016"]
[Source "ChessBase"]
[SourceDate "2015.10.08"]
[SourceVersion "1"]
[SourceVersionDate "2015.10.08"]
[SourceQuality "1"]

1. d4 Nf6 2. Bg5 e6 3. Nf3 d5 4. e3 Be7 5. Nbd2 b6 6. Ne5 Nfd7 7. Bxe7 Qxe7 8. Nd3 0-0 9. Be2 Bb7 10. f4 f6 11. 0-0 c5 12. c3 Nc6 13. Qa4 e5 14. Rae1 Kh8 15. dxc5 Nxc5 16. Nxc5 Qxc5 17. Bf3 b5 18. Qc2 exf4 19. Nb3 Qb6 20. Bxd5 fxe3 21. Rf3 g6 22. Bxc6 Bxc6 23. Rfxe3 Rae8 24. Nd4 f5 25. Rxe8 Rxe8 26. Rxe8+ Bxe8 27. Qe2 Bf7 28. Qe7 Kg8 29. a3 Qb8 30. Ne6 Qb6+ 31. Nd4 Qb8 32. Ne6 Qb6+ 1/2-1/2

[Event "FRA-ch Railways-B"]
[Site "Soulac sur Mer"]
[Date "2015.05.26"]
[Round "1"]
[White "Salus, Stephane"]
[Black "Jurasz, Antoni"]
[Result "1-0"]
[WhiteElo "2056"]
[BlackElo "2028"]
[PlyCount "101"]
[EventDate "2015.05.26"]
[EventType "swiss"]
[EventRounds "7"]
[EventCountry "FRA"]
[SourceTitle "EXT 2016"]
[Source "ChessBase"]
[SourceDate "2015.10.08"]
[SourceVersion "1"]
[SourceVersionDate "2015.10.08"]
[SourceQuality "1"]

1. d4 Nf6 2. Nf3 b6 3. c4 Bb7 4. Nc3 e6 5. a3 Be7 6. d5 exd5 7. cxd5 0-0 8. e4 d6 9. Bd3 c6 10. 0-0 Nbd7 11. Re1 Re8 12. dxc6 Bxc6 13. Nd4 Bb7 14. Bf4 g6 15. h3 a6 16. Bc4 Ne5 17. Bxe5 dxe5 18. Bxf7+ Kh8 19. Ne6 Qxd1 20. Raxd1 Rec8 21. Ng5 Bxa3 22. bxa3 Rxc3 23. Rd6 Kg7 24. Rxb6 Bc8 25. Bd5 Ra7 26. Nf3 Rxa3 27. Nxe5 Re7 28. Rc1 Nxd5 29. exd5 Rxe5 30. Rxc8 Rxd5 31. Rc7+ Kh6 32. Rbb7 Kg5 33. Rxh7 Ra1+ 34. Kh2 Rd6 35. Kg3 Ra3+ 36. f3 a5 37. Rhf7 Kh6 38. h4 g5 39. Rh7+ Kg6 40. Rhg7+ Kf6 41. Rxg5 Re6 42. Ra7 a4 43. Rga5 Rb3 44. Rxa4 Rb8 45. Kg4 Kg6 46. g3 Rc6 47. R4a5 Rf6 48. f4 Rc8 49. Rg5+ Kh6 50. Rh5+ Kg6 51. Rah7 1-0

[Event "EU-ch 12th"]
[Site "Aix les Bains"]
[Date "2011.04.01"]
[Round "10"]
[White "Maruejols, Claude"]
[Black "Salus, Stephane"]
[Result "1/2-1/2"]
[WhiteElo "2001"]
[BlackElo "2145"]
[PlyCount "39"]
[EventDate "2011.03.22"]
[EventType "swiss"]
[EventRounds "11"]
[EventCountry "FRA"]
[SourceTitle "CBM 142 Extra"]
[Source "ChessBase"]
[SourceDate "2011.06.27"]
[SourceVersion "1"]
[SourceVersionDate "2011.06.27"]
[SourceQuality "1"]

1. d4 c5 2. d5 e5 3. c4 d6 4. e4 Be7 5. Nf3 Bg4 6. Nc3 Bxf3 7. Qxf3 Bg5 8. Bxg5 Qxg5 9. Nb5 Qd8 10. Qg4 Kf8 11. Nxd6 Nf6 12. Qc8 Qxc8 13. Nxc8 Nxe4 14. Bd3 Nd7 15. Bxe4 Rxc8 16. 0-0-0 g6 17. d6 Rb8 18. Rd3 Kg7 19. g3 Rhd8 20. Re1 1/2-1/2

[Event "EU-ch 12th"]
[Site "Aix les Bains"]
[Date "2011.03.30"]
[Round "8"]
[White "Beinoras, Mindaugas"]
[Black "Salus, Stephane"]
[Result "1-0"]
[WhiteElo "2356"]
[BlackElo "2145"]
[PlyCount "127"]
[EventDate "2011.03.22"]
[EventType "swiss"]
[EventRounds "11"]
[EventCountry "FRA"]
[SourceTitle "CBM 142 Extra"]
[Source "ChessBase"]
[SourceDate "2011.06.27"]
[SourceVersion "1"]
[SourceVersionDate "2011.06.27"]
[SourceQuality "1"]

1. d4 c5 2. Nf3 cxd4 3. Nxd4 b6 4. c4 Bb7 5. Nc3 a6 6. e4 d6 7. Be3 Nf6 8. f3 e6 9. Be2 Be7 10. 0-0 Nbd7 11. a4 0-0 12. a5 bxa5 13. Nb3 Rb8 14. Nxa5 Ba8 15. Qd2 Qc7 16. Rfc1 Ne5 17. Kh1 Rfd8 18. Rc2 Rd7 19. Bg1 Qd8 20. Qe3 Ng6 21. Qd2 d5 22. cxd5 Bb4 23. Nc4 exd5 24. exd5 Nxd5 25. Qe1 a5 26. Rd1 Ndf4 27. Rxd7 Qxd7 28. Bf1 Re8 29. Qf2 Qe7 30. Rc1 h5 31. Qe3 h4 32. Qxe7 Rxe7 33. h3 Ne5 34. Nxe5 Rxe5 35. Bh2 g5 36. Ne2 Rc5 37. Rxc5 Bxc5 38. Nxf4 gxf4 39. Bxf4 Bd4 40. Bc1 Bd5 41. Bd3 Kg7 42. Bc2 Kf6 43. b3 Ke5 44. f4+ Kd6 45. Bd2 Bb6 46. Be1 Bd8 47. Kh2 f5 48. g4 hxg3+ 49. Kxg3 Ke6 50. Bc3 Kf7 51. Bd1 Be4 52. Be1 Kg6 53. Kf2 Bh4+ 54. Ke2 Bd8 55. Kd2 Bb6 56. Kc3 Be3 57. Bd2 Bb6 58. Kc4 Bc6 59. Bc3 Be3 60. Be5 Bg2 61. h4 Bf1+ 62. Kd5 Bd2 63. Ke6 Ba6 64. h5+ 1-0

[Event "EU-ch 12th"]
[Site "Aix les Bains"]
[Date "2011.03.26"]
[Round "5"]
[White "Salus, Stephane"]
[Black "Vuilleumier, Alexandre"]
[Result "1/2-1/2"]
[WhiteElo "2145"]
[BlackElo "2369"]
[PlyCount "67"]
[EventDate "2011.03.22"]
[EventType "swiss"]
[EventRounds "11"]
[EventCountry "FRA"]
[SourceTitle "CBM 142 Extra"]
[Source "ChessBase"]
[SourceDate "2011.06.27"]
[SourceVersion "1"]
[SourceVersionDate "2011.06.27"]
[SourceQuality "1"]

1. d4 Nf6 2. c4 e6 3. Nf3 c5 4. e3 cxd4 5. exd4 d5 6. Nc3 Be7 7. Bd3 0-0 8. 0-0 b6 9. cxd5 Nxd5 10. Nxd5 exd5 11. Qc2 g6 12. Bh6 Re8 13. Rac1 Ba6 14. Bxa6 Nxa6 15. a3 Bd6 16. Bg5 f6 17. Bh4 Bf4 18. Rce1 Qd6 19. Bg3 Bxg3 20. hxg3 Nc7 21. Rxe8+ Rxe8 22. Re1 Rxe1+ 23. Nxe1 Kf7 24. Qd2 Ne6 25. Nf3 Qc6 26. g4 Qc4 27. Qh6 Kg8 28. Qe3 Kf7 29. Qh6 Nf8 30. Qf4 Qc8 31. g5 Qf5 32. Qc7+ Qd7 33. Qf4 Qf5 34. Qc7+ 1/2-1/2

[Event "EU-ch 12th"]
[Site "Aix les Bains"]
[Date "2011.03.25"]
[Round "4"]
[White "Kadric, Denis"]
[Black "Salus, Stephane"]
[Result "1/2-1/2"]
[WhiteElo "2379"]
[BlackElo "2145"]
[PlyCount "57"]
[EventDate "2011.03.22"]
[EventType "swiss"]
[EventRounds "11"]
[EventCountry "FRA"]
[SourceTitle "CBM 142 Extra"]
[Source "ChessBase"]
[SourceDate "2011.06.27"]
[SourceVersion "1"]
[SourceVersionDate "2011.06.27"]
[SourceQuality "1"]

1. e4 c5 2. Nf3 b6 3. Bc4 e6 4. Nc3 a6 5. a4 Bb7 6. 0-0 d6 7. d4 cxd4 8. Nxd4 Qc8 9. Ba2 Nf6 10. Re1 Be7 11. f4 Nc6 12. Nxc6 Bxc6 13. e5 dxe5 14. fxe5 Bc5+ 15. Be3 Nd7 16. Qg4 0-0 17. Bxc5 Nxc5 18. Bc4 Qb7 19. b4 Nxa4 20. Nxa4 Bxa4 21. Bd3 Bc6 22. Re3 f5 23. exf6 Rxf6 24. Rxe6 Bd7 25. Qe4 Qxe4 26. Rxe4 b5 27. Re7 Bf5 28. Bxb5 Bxc2 29. Rc7 1/2-1/2

[Event "EU-ch 12th"]
[Site "Aix les Bains"]
[Date "2011.03.22"]
[Round "1"]
[White "Salus, Stephane"]
[Black "Jaracz, Pawel"]
[Result "0-1"]
[WhiteElo "2145"]
[BlackElo "2565"]
[PlyCount "40"]
[EventDate "2011.03.22"]
[EventType "swiss"]
[EventRounds "11"]
[EventCountry "FRA"]
[SourceTitle "CBM 142 Extra"]
[Source "ChessBase"]
[SourceDate "2011.06.27"]
[SourceVersion "1"]
[SourceVersionDate "2011.06.27"]
[SourceQuality "1"]

1. d4 d5 2. c4 c6 3. e3 Nf6 4. Nf3 Bg4 5. Nbd2 e6 6. Be2 Nbd7 7. 0-0 Bd6 8. b3 Qe7 9. Bb2 h6 10. Qc2 0-0 11. e4 dxe4 12. Nxe4 Ba3 13. Bxa3 Qxa3 14. Nxf6+ Nxf6 15. h3 Bxf3 16. Bxf3 Rfd8 17. Rad1 Rd7 18. Rd3 Rad8 19. Rfd1 Qa5 20. R1d2 Rxd4 0-1

[Event "FRA-ch Accession"]
[Site "Nimes"]
[Date "2009.08.19"]
[Round "8"]
[White "Iwanesko, Alexandre"]
[Black "Salus, Stephane"]
[Result "1-0"]
[WhiteElo "2101"]
[BlackElo "2218"]
[PlyCount "65"]
[EventDate "2009.08.11"]
[EventType "swiss"]
[EventRounds "9"]
[EventCountry "FRA"]
[SourceTitle "CBM 132 Extra"]
[Source "ChessBase"]
[SourceDate "2009.11.03"]
[SourceVersion "1"]
[SourceVersionDate "2009.11.03"]
[SourceQuality "1"]

1. e4 Nf6 2. e5 Nd5 3. c4 Nb6 4. d4 d6 5. exd6 exd6 6. Nc3 Be7 7. Bd3 Nc6 8. Nge2 Bg4 9. d5 Ne5 10. 0-0 Qd7 11. b3 Nxd3 12. Qxd3 0-0 13. Ng3 Qd8 14. f4 Bc8 15. f5 Nd7 16. Nge4 Bf6 17. Nxf6+ Qxf6 18. Bb2 Nc5 19. Qc2 Qd4+ 20. Kh1 Qd3 21. Qf2 g6 22. Qh4 Bxf5 23. Rad1 Qe3 24. Rfe1 g5 25. Qh6 Qf2 26. Na4 f6 27. Re7 Rf7 28. Rxf7 Kxf7 29. Qxf6+ Ke8 30. Qh8+ Kd7 31. Qg7+ Kc8 32. Qf8+ Kd7 33. Qf7+ 1-0

[Event "FRA-ch Accession"]
[Site "Nimes"]
[Date "2009.08.18"]
[Round "7"]
[White "Salus, Stephane"]
[Black "Wunderman, Xavier"]
[Result "1-0"]
[WhiteElo "2218"]
[BlackElo "2169"]
[PlyCount "153"]
[EventDate "2009.08.11"]
[EventType "swiss"]
[EventRounds "9"]
[EventCountry "FRA"]
[SourceTitle "CBM 132 Extra"]
[Source "ChessBase"]
[SourceDate "2009.11.03"]
[SourceVersion "1"]
[SourceVersionDate "2009.11.03"]
[SourceQuality "1"]

1. d4 d5 2. c4 c6 3. Nf3 Nf6 4. e3 e6 5. Nbd2 Nbd7 6. Bd3 dxc4 7. Nxc4 Be7 8. 0-0 b6 9. e4 Bb7 10. Qe2 0-0 11. e5 Nd5 12. h4 c5 13. Qe4 g6 14. Bh6 Re8 15. Qg4 Nb4 16. Bb1 Bxf3 17. gxf3 cxd4 18. h5 d3 19. f4 b5 20. Ne3 Rc8 21. a4 Nc2 22. Ba2 Qb6 23. Nxc2 dxc2 24. axb5 Qd4 25. hxg6 hxg6 26. Bxe6 Nxe5 27. fxe5 Qxg4+ 28. Bxg4 Rc5 29. Be3 Rxe5 30. Bd7 Rd8 31. Bc6 Bg5 32. Bxa7 Bd2 33. b6 Rc5 34. b7 Rxc6 35. b8Q Rxb8 36. Bxb8 c1Q 37. Rfxc1 Bxc1 38. Be5 f6 39. Bxf6 Rxf6 40. Rxc1 Rb6 41. Rb1 Rb3 42. Kf1 Kf7 43. Ke2 Ke6 44. Kd2 Rf3 45. Rf1 Kd5 46. b4 Kc4 47. Ke2 Rf5 48. Rb1 Kb5 49. Ke3 Re5+ 50. Kd4 Re2 51. f3 Re6 52. Rb2 Re1 53. Kd3 Rd1+ 54. Ke3 Re1+ 55. Kf4 Rg1 56. Ke3 Rg5 57. f4 Rg3+ 58. Ke4 Rg1 59. Rc2 Kxb4 60. Rc8 Re1+ 61. Kd5 Re7 62. Rc6 Rg7 63. Ke5 Kb5 64. Re6 Kc5 65. Kf6 Rg8 66. Kf7 Rh8 67. Kxg6 Kd5 68. f5 Rg8+ 69. Kf7 Rg5 70. Kf6 Rg1 71. Re2 Rd1 72. Kf7 Kd6 73. f6 Kd7 74. Kf8 Rf1 75. f7 Rf3 76. Rd2+ Kc7 77. Rg2 1-0

[Event "FRA-ch Accession"]
[Site "Nimes"]
[Date "2009.08.15"]
[Round "5"]
[White "Salus, Stephane"]
[Black "Jeanne, Mickael"]
[Result "1/2-1/2"]
[WhiteElo "2218"]
[BlackElo "2148"]
[PlyCount "110"]
[EventDate "2009.08.11"]
[EventType "swiss"]
[EventRounds "9"]
[EventCountry "FRA"]
[SourceTitle "CBM 132 Extra"]
[Source "ChessBase"]
[SourceDate "2009.11.03"]
[SourceVersion "1"]
[SourceVersionDate "2009.11.03"]
[SourceQuality "1"]

1. c4 e6 2. d4 d5 3. Nc3 c6 4. e3 f5 5. Nf3 Nf6 6. Bd3 Bd6 7. 0-0 0-0 8. Rb1 Ne4 9. Bd2 a5 10. Be1 Nd7 11. a3 g5 12. Nd2 Nxc3 13. bxc3 Qf6 14. cxd5 exd5 15. Qh5 Qg7 16. c4 Nf6 17. Qe2 Qh6 18. Nf3 Ng4 19. h3 Nf6 20. Bd2 g4 21. Ne5 gxh3 22. g3 h2+ 23. Kh1 Ne4 24. cxd5 cxd5 25. Rb5 Be6 26. a4 Qg7 27. Kxh2 Rf6 28. Rfb1 Rh6+ 29. Kg1 Bxe5 30. dxe5 Qxe5 31. Rxb7 Bf7 32. Bxe4 fxe4 33. Qg4+ Bg6 34. Rc1 Qf5 35. Qxf5 Bxf5 36. Rcc7 Rc8 37. Bxa5 Rxc7 38. Bxc7 Bg4 39. f3 Bxf3 40. g4 Rh1+ 41. Kf2 Ra1 42. g5 Rxa4 43. Be5 Bh5 44. Rg7+ Kf8 45. Rxh7 Bg6 46. Rd7 Ra6 47. Rxd5 Kf7 48. Kg3 Ke6 49. Rc5 Ra2 50. Bd4 Rd2 51. Re5+ Kf7 52. Bc5 Rd7 53. Kf4 Rb7 54. Bd4 Rb1 55. Kg3 Rf1 1/2-1/2

[Event "Cap d'Agde CCAS op"]
[Site "Cap d'Agde"]
[Date "2008.10.27"]
[Round "3"]
[White "Salus, Stephane"]
[Black "Fargere, Francois"]
[Result "0-1"]
[WhiteElo "2198"]
[BlackElo "2444"]
[PlyCount "138"]
[EventDate "2008.10.25"]
[EventType "swiss"]
[EventRounds "9"]
[EventCountry "FRA"]
[SourceTitle "CBM 127 Extra"]
[Source "ChessBase"]
[SourceDate "2009.01.08"]
[SourceVersion "2"]
[SourceVersionDate "2009.01.28"]
[SourceQuality "1"]

1. g3 d5 2. Bg2 Nf6 3. d3 c6 4. Nd2 Bg4 5. Ngf3 Nbd7 6. 0-0 e5 7. e4 dxe4 8. dxe4 Bc5 9. Qe1 0-0 10. Nc4 Bxf3 11. Bxf3 Qe7 12. Bd2 Nb6 13. Ne3 Qe6 14. b3 Nc8 15. Nf5 g6 16. Nh6+ Kg7 17. Kg2 Nd6 18. Rd1 Nb5 19. c3 Nxc3 20. Bxc3 Kxh6 21. Qd2+ Kg7 22. Qb2 Rfe8 23. Rd3 a5 24. Qd2 Bb6 25. Rd1 Qe7 26. Qb2 Bc5 27. Qd2 Bb4 28. h4 h5 29. Qc1 Bxc3 30. Qxc3 Qb4 31. Kf1 Kf8 32. Ke2 Qxc3 33. Rxc3 Ke7 34. Ke3 Red8 35. Rxd8 Kxd8 36. Be2 Ke7 37. f4 Nd7 38. g4 hxg4 39. Bxg4 Nf6 40. Kf3 exf4 41. Kxf4 Rh8 42. Rh3 Nxg4 43. Kxg4 Rh5 44. Rd3 Rb5 45. Kf4 Rc5 46. Rd4 Rc2 47. a4 Rb2 48. Rd3 Ke6 49. Rc3 Kd6 50. Rd3+ Ke6 51. Rc3 Rb1 52. Rc5 Rxb3 53. Rxa5 Rb4 54. Ke3 Rb3+ 55. Kf4 Rh3 56. Kg4 Ra3 57. Kf4 Rh3 58. Kg4 Ra3 59. Kf4 Kd6 60. Ra7 Kc7 61. Ra8 Kd6 62. Rf8 Ke6 63. Re8+ Kf6 64. Rb8 Rxa4 65. Rxb7 Rc4 66. Ke3 Rc1 67. Rb8 c5 68. Rd8 Rh1 69. Rc8 Rh3+ 0-1

[Event "FRA-chT1B 0607"]
[Site "France"]
[Date "2007.02.10"]
[Round "7.3"]
[White "Salus, Stephane"]
[Black "Renet, Olivier"]
[Result "0-1"]
[WhiteElo "2223"]
[BlackElo "2517"]
[PlyCount "78"]
[EventDate "2006.10.15"]
[EventType "team"]
[EventRounds "11"]
[EventCountry "FRA"]
[SourceTitle "EXT 2008"]
[Source "ChessBase"]
[SourceDate "2007.11.25"]
[SourceVersion "1"]
[SourceVersionDate "2007.11.25"]
[SourceQuality "1"]
[WhiteTeam "Avignon"]
[BlackTeam "Marseille Duchamps"]
[WhiteTeamCountry "FRA"]
[BlackTeamCountry "FRA"]

1. d4 Nf6 2. c4 g6 3. Nc3 Bg7 4. e4 d6 5. Nf3 0-0 6. Be2 e5 7. dxe5 dxe5 8. Qxd8 Rxd8 9. Nd5 Nxd5 10. cxd5 c6 11. Bc4 cxd5 12. Bxd5 Nc6 13. Bg5 Re8 14. Rc1 Be6 15. Bxe6 Rxe6 16. 0-0 f6 17. Be3 Rd8 18. Rfd1 Red6 19. Rd2 Bf8 20. Kf1 Kf7 21. Ke2 Ke6 22. Rcd1 Rxd2+ 23. Rxd2 Rc8 24. Ne1 f5 25. exf5+ gxf5 26. f3 Bb4 27. Rd3 h5 28. Bd2 Bc5 29. Nc2 h4 30. Be3 Bxe3 31. Rxe3 Ne7 32. Ne1 Nd5 33. Rb3 b6 34. Ra3 Rc7 35. Ra4 Nf4+ 36. Kf2 Rd7 37. g3 Rd2+ 38. Kf1 hxg3 39. hxg3 Nh3 0-1

[Event "FRA-chT1B 0607"]
[Site "France"]
[Date "2006.11.25"]
[Round "2.6"]
[White "Salus, Stephane"]
[Black "Jablonski, Noham"]
[Result "1/2-1/2"]
[WhiteElo "2223"]
[BlackElo "2258"]
[PlyCount "23"]
[EventDate "2006.10.15"]
[EventType "team"]
[EventRounds "11"]
[EventCountry "FRA"]
[SourceTitle "EXT 2008"]
[Source "ChessBase"]
[SourceDate "2007.11.25"]
[SourceVersion "1"]
[SourceVersionDate "2007.11.25"]
[SourceQuality "1"]
[WhiteTeam "Avignon"]
[BlackTeam "Vincennes"]
[WhiteTeamCountry "FRA"]
[BlackTeamCountry "FRA"]

1. d4 d5 2. c4 e6 3. cxd5 exd5 4. Nc3 Bb4 5. Nf3 Nf6 6. Bg5 Nbd7 7. e3 c5 8. Bd3 c4 9. Bf5 Qa5 10. Qc2 0-0 11. 0-0 Re8 12. Nd2 1/2-1/2

[Event "FRA-chT1B 0607"]
[Site "France"]
[Date "2006.10.15"]
[Round "1.5"]
[White "Salus, Stephane"]
[Black "Langevin, Philippe"]
[Result "1/2-1/2"]
[WhiteElo "2223"]
[BlackElo "2208"]
[PlyCount "21"]
[EventDate "2006.10.15"]
[EventType "team"]
[EventRounds "11"]
[EventCountry "FRA"]
[SourceTitle "EXT 2008"]
[Source "ChessBase"]
[SourceDate "2007.11.25"]
[SourceVersion "1"]
[SourceVersionDate "2007.11.25"]
[SourceQuality "1"]
[WhiteTeam "Avignon"]
[BlackTeam "Hyeres"]
[WhiteTeamCountry "FRA"]
[BlackTeamCountry "FRA"]

1. c4 Nf6 2. d4 g6 3. Nc3 Bg7 4. e4 0-0 5. Nf3 d6 6. Be2 Bg4 7. Be3 Nfd7 8. Ng1 Bxe2 9. Ngxe2 Nc6 10. 0-0 e5 11. d5 1/2-1/2

[Event "Salon de Provence op 1st"]
[Site "Salon de Provence"]
[Date "2006.04.26"]
[Round "4"]
[White "Salus, Stephane"]
[Black "Moncamp, Gilles"]
[Result "1/2-1/2"]
[WhiteElo "2190"]
[BlackElo "2226"]
[PlyCount "64"]
[EventDate "2006.04.24"]
[EventType "swiss"]
[EventRounds "7"]
[EventCountry "FRA"]
[SourceTitle "CBM 112 Extra"]
[Source "ChessBase"]
[SourceDate "2006.07.14"]
[SourceVersion "1"]
[SourceVersionDate "2006.07.14"]
[SourceQuality "1"]

1. Nf3 Nf6 2. c4 Nc6 3. g3 d6 4. Bg2 Bg4 5. b4 Nxb4 6. Qa4+ Nc6 7. Nd4 Bd7 8. Nxc6 bxc6 9. Bxc6 g6 10. Nc3 Bg7 11. Rb1 0-0 12. 0-0 Bxc6 13. Qxc6 Rb8 14. Ba3 Rb6 15. Qa4 Qc8 16. f3 Ra6 17. Qb3 c6 18. Kg2 Nd7 19. Bb2 Nc5 20. Qc2 Qe6 21. d3 f5 22. e4 Qc8 23. a4 Ne6 24. Ne2 Bxb2 25. Rxb2 fxe4 26. dxe4 Nc5 27. Ra1 Qe6 28. a5 Qf6 29. Qc3 e5 30. Qe3 Qd8 31. Rd2 Nb7 32. Rda2 Rf7 1/2-1/2

[Event "FRA-chT Top 16 GpA"]
[Site "France"]
[Date "2006.03.31"]
[Round "5"]
[White "Berthelot, Yannick"]
[Black "Salus, Stephane"]
[Result "1-0"]
[WhiteElo "2306"]
[BlackElo "2184"]
[PlyCount "53"]
[EventDate "2006.02.03"]
[EventType "team-tourn"]
[EventRounds "7"]
[EventCountry "FRA"]
[SourceTitle "CBM 111 Extra"]
[Source "ChessBase"]
[SourceDate "2006.05.09"]
[SourceVersion "1"]
[SourceVersionDate "2006.05.09"]
[SourceQuality "1"]
[WhiteTeam "Drancy"]
[BlackTeam "Avignon"]
[WhiteTeamCountry "FRA"]
[BlackTeamCountry "FRA"]

1. e4 g6 2. d4 c6 3. Nc3 d5 4. e5 h5 5. Bd3 Bg4 6. Nce2 e6 7. h3 Bf5 8. Bxf5 gxf5 9. h4 c5 10. c3 Nc6 11. Nf4 Rc8 12. Nge2 b5 13. Be3 b4 14. g3 bxc3 15. bxc3 Qa5 16. 0-0 c4 17. Qc2 Ba3 18. Rfb1 Nge7 19. Bc1 Kd7 20. Bxa3 Qxa3 21. Rb7+ Rc7 22. Rab1 Ng6 23. R1b5 Nce7 24. Rxc7+ Kxc7 25. Qb1 Nxf4 26. Rb7+ Kd8 27. Qb5 1-0

[Event "FRA-ch Accession"]
[Site "Aix les Bains"]
[Date "2003.08.19"]
[Round "3"]
[White "Simon, Olivier"]
[Black "Salus, Stephane"]
[Result "0-1"]
[WhiteElo "2315"]
[BlackElo "2183"]
[PlyCount "80"]
[EventDate "2003.08.19"]
[EventType "swiss"]
[EventRounds "11"]
[EventCountry "FRA"]
[SourceTitle "EXT 2004"]
[Source "ChessBase"]
[SourceDate "2003.11.25"]
[SourceVersion "1"]
[SourceVersionDate "2003.11.25"]
[SourceQuality "1"]

1. e4 e6 2. d4 d5 3. Nc3 Bb4 4. e5 Qd7 5. a3 Bxc3+ 6. bxc3 b6 7. Bd3 Ba6 8. Qg4 f5 9. Qh5+ Qf7 10. Qe2 Bxd3 11. cxd3 Nc6 12. Nh3 Nge7 13. Ng5 Qg6 14. h4 h6 15. h5 hxg5 16. hxg6 Rxh1+ 17. Kd2 Nxg6 18. Kc2 g4 19. Rb1 Kf7 20. Bg5 Rh2 21. f3 gxf3 22. Qxf3 Rah8 23. Rf1 Nh4 24. Bxh4 R8xh4 25. Qg3 Rh6 26. Kb1 R2h5 27. Qf3 Kg8 28. Kb2 Rg5 29. Rf2 Rg4 30. Qe3 Rhg6 31. Qh3 Rh6 32. Qe3 Kf7 33. Kb3 Rhg6 34. Qh3 Ne7 35. Qh5 Rg3 36. Qe2 R6g4 37. Qf1 Ke8 38. Kc2 Kd7 39. Kb3 Kc6 40. Kc2 Ng6 0-1

[Event "FRA-chT2S"]
[Site "France"]
[Date "2003.04.06"]
[Round "11.6"]
[White "Salus, Stephane"]
[Black "Marino, Olivier"]
[Result "0-1"]
[WhiteElo "2229"]
[BlackElo "2085"]
[PlyCount "70"]
[EventDate "2002.10.??"]
[EventType "team"]
[EventRounds "11"]
[EventCountry "FRA"]
[SourceTitle "EXT 2004"]
[Source "ChessBase"]
[SourceDate "2003.11.25"]
[SourceVersion "1"]
[SourceVersionDate "2003.11.25"]
[SourceQuality "1"]

1. d4 Nf6 2. c4 g6 3. Nc3 Bg7 4. e4 d6 5. Be2 0-0 6. h4 c5 7. d5 b5 8. cxb5 a6 9. bxa6 Bxa6 10. h5 Bxe2 11. Ngxe2 Nbd7 12. hxg6 fxg6 13. Nf4 Qa5 14. 0-0 Rfb8 15. Qe2 Nf8 16. Rd1 Qa6 17. Qxa6 Rxa6 18. e5 Ng4 19. exd6 exd6 20. Ne4 Rb4 21. f3 Bd4+ 22. Kf1 Bxb2 23. Nd3 Rxe4 24. Nxb2 Ne3+ 25. Bxe3 Rxe3 26. a4 Rb3 27. Ra2 Nd7 28. Ke2 Nf6 29. Rd3 Rxd3 30. Kxd3 Nxd5 31. Kc4 Nb4 32. Ra3 Ra5 33. Re3 Kf7 34. Kb3 d5 35. Re5 Ra6 0-1

[Event "FRA-chT2"]
[Site "France"]
[Date "2001.11.14"]
[Round "2"]
[White "Mallet, Celine"]
[Black "Salus, Stephane"]
[Result "1/2-1/2"]
[WhiteElo "2084"]
[BlackElo "2252"]
[PlyCount "135"]
[EventDate "2002.??.??"]
[EventType "team"]
[EventRounds "11"]
[EventCountry "FRA"]
[SourceTitle "EXT 2003"]
[Source "ChessBase"]
[SourceDate "2002.11.25"]
[SourceVersion "1"]
[SourceVersionDate "2002.11.25"]
[SourceQuality "1"]

1. d4 Nf6 2. c4 c5 3. d5 e5 4. Nc3 d6 5. e4 Be7 6. f4 exf4 7. Bxf4 0-0 8. Nf3 Nh5 9. Be3 g6 10. Be2 Re8 11. 0-0 Bf6 12. Nd2 Ng7 13. Bg4 Bxg4 14. Qxg4 Nd7 15. Qf3 Rf8 16. Nb5 Bxb2 17. Rab1 Be5 18. Bf4 Qe7 19. Qh3 b6 20. Bh6 a6 21. Na3 Rab8 22. Nf3 f6 23. Nc2 b5 24. Ne3 bxc4 25. Nxc4 Rb4 26. Rxb4 cxb4 27. Na5 Nb8 28. Rc1 Bc3 29. Qh4 Re8 30. Nc4 Qxe4 31. Qxe4 Rxe4 32. Nxd6 Re2 33. Bd2 Kf8 34. Bxc3 bxc3 35. Rxc3 Ke7 36. Nc8+ Kd8 37. Nb6 Ke7 38. Rc7+ Kf8 39. d6 Ne8 40. Rc8 Kf7 41. Rxb8 Nxd6 42. a4 Rb2 43. Nd7 Ra2 44. Nc5 g5 45. Rb6 Nc4 46. Rxa6 Ra1+ 47. Kf2 Ra2+ 48. Ke1 Rxg2 49. Ne4 g4 50. Rxf6+ Ke7 51. Nfg5 Rxh2 52. Rf7+ Kd8 53. Nf6 Ne5 54. Ne6+ Kc8 55. Rc7+ Kb8 56. a5 Ra2 57. Ne4 Nd3+ 58. Kd1 Nf4 59. Re7 Nxe6 60. Rxe6 Rxa5 61. Re8+ Kc7 62. Re7+ Kc6 63. Rxh7 Ra2 64. Nd2 Kd5 65. Rg7 Ra4 66. Rg5+ Ke6 67. Ke2 Kf6 68. Rg8 1/2-1/2

[Event "EU-chT Railways USIC"]
[Site "Dresden"]
[Date "2000.06.24"]
[Round "7.2"]
[White "Kron, Valentin"]
[Black "Salus, Stephane"]
[Result "1/2-1/2"]
[WhiteElo "2442"]
[BlackElo "2280"]
[PlyCount "75"]
[EventDate "2000.06.19"]
[EventType "team-swiss"]
[EventRounds "7"]
[EventCountry "GER"]
[SourceTitle "EXT 2002"]
[Source "ChessBase"]
[SourceDate "2001.11.25"]
[SourceVersion "1"]
[SourceVersionDate "2001.11.25"]
[SourceQuality "1"]
[WhiteTeam "Russia (USIC)"]
[BlackTeam "France (USIC)"]
[WhiteTeamCountry "RUS"]
[BlackTeamCountry "FRA"]

1. c4 Nf6 2. Nc3 g6 3. e4 d6 4. g3 e5 5. Bg2 Nc6 6. d3 Bg7 7. Nge2 Nd7 8. Be3 h5 9. h4 Nc5 10. a3 a5 11. 0-0 a4 12. Bxc5 dxc5 13. Nxa4 b6 14. Nac3 0-0 15. Nd5 Qd6 16. Nec3 Nd4 17. Nb5 Nxb5 18. cxb5 Be6 19. Qe2 Bxd5 20. exd5 Ra4 21. b3 Rd4 22. Rac1 Ra8 23. a4 f5 24. Rc4 Rxc4 25. dxc4 e4 26. Rd1 Be5 27. Bh3 Kg7 28. Kg2 Rf8 29. Re1 Bc3 30. Rf1 Qe5 31. f3 e3 32. Rd1 f4 33. d6 cxd6 34. Rd5 Qf6 35. Rg5 Qd4 36. Rd5 Qf6 37. Rg5 Qd4 38. Rd5 1/2-1/2